| 000 | 00714nam a22002897a 4500 | ||
|---|---|---|---|
| 005 | 20231214091647.0 | ||
| 008 | 180309b2015 xxu||||| |||| 00| 0 spa d | ||
| 020 | _a9788420851996 | ||
| 041 | _aESP | ||
| 082 | _a523.1 H392h | ||
| 100 |
_aHawking, Stephen _946067 |
||
| 245 | _aHistoria del tiempo del Big Bang: a las agujeros negros | ||
| 260 | _aEspaña | ||
| 260 | _bAlianza Editorial | ||
| 260 | _c2015 | ||
| 300 | _a284 páginas | ||
| 650 | _aUNIVERSO | ||
| 650 | _aESPACIO | ||
| 650 | _aTIEMPO | ||
| 650 | _aAGUJEROS NEGROS | ||
| 650 | _aFÍSICA | ||
| 650 | _aASTROLOGÍA | ||
| 650 | _aEINSTEIN, ALBERT | ||
| 650 | _aGALILEI, GALILEO | ||
| 650 | _aNEWTON, ISAAC | ||
| 942 |
_cLIT _2ddc |
||
| 999 |
_c10424 _d10424 |
||